000 00308nam a22001337a 4500
008 170328b xxu||||| |||| 00| 0 eng d
020 _a0683072064
041 _aeng
080 _a615.83
100 _a8
101 _aSHM
245 _aMODELS OF PRACTICE IN OCCUPATIONAL THERAPY
_cREED.K.L
942 _2udc
_cBK
999 _c8848
_d8848